000 00649nam a22001577a 4500
008 160528b xxu||||| |||| 00| 0 eng d
082 _22009
_aUT 0643
_bSa55
100 _99530
_aSanchez, Euniecee Lyniedee G.
245 _aUtilization of computers in English instruction and students' attitudes towards computers and English/
_cEuniecee Lyniedee G. Sanchez, Sheena Sarah J. Daugdaug and Aisa G. Andales.
260 _aDigos City:
_bUMDC
_cNovember 2009.
300 _a60 pages;
_c28 cm.
650 0 _99526
_aEducation
_vEnglish
_xUndergraduate thesis.
700 _99524
_aDaugdaug, Sheena Sarah J.
700 _99525
_aAndales, Aisa G.
942 _2ddc
_cUT
999 _c2866
_d2866